000
00295nam a22001337a 4500
008
170127b xxu||||| |||| 00| 0 eng d
020
_a
9780073138879
041
_a
eng
080
_2
10TH
_a
61
100
_a
3
101
_a
SHM
245
_a
CORE CONCEPTS IN HEALTH
_c
INSEL, P.M
942
_2
udc
_c
BK
999
_c
3909
_d
3909